000 00251nam a22001097a 4500
082 _a030
_bJOJ/N-5
245 _aVISHWAVINJANAKOSHAM
_bVAALYAM 5 :
260 _aTHRISSUR
_bNISHAGANDHI
300 _a832
650 _aGENERAL KNOWLEDGE
_zKERALA
942 _cBK
999 _c2217
_d2217